000 00738nam a2200253 i 4500
003 DO-SdBNP
005 20240226143342.0
007 ta
008 230921b2023 dr c|||| |||| 00| 0 spa d
020 _a9789945222944
040 _aDO-SdBNP
_bspa
_cBNPHU
_erda
082 4 _222
100 1 _aMañón, Melvin
_eautor
_910427
245 1 0 _aRevolución, nalga-cultura, religión :
_cMelvin Mañón
264 _aSanto Domingo :
_bBúho,
_c2023.
300 _a382 páginas :
_bretratos ;
_c23 cm.
336 _2rdacontent
_atexto
_btxt
337 _2rdamedia
_asin mediación
_bn
338 _2rdacarrier
_avolumen
_bnc
500 _aIncluye índice onomástico
590 _aInventariado, 2023/BT
910 _aBtavárez
942 _2ddc
_cLBS1
999 _c54879
_d54879